• 首页
  • 本馆介绍
  • 公告通知
  • 最新文献
  • 馆藏检索
  • 电子资源
  • 读者导购
  • 参考咨询
  • 我的图书馆
  • 登录
  • 详细信息显示
  • 放入我的书架
  • 预约/预借图书
  • 作者相关作品
  • 分类相关作品
  • 丛书相关作品
  • 出版社相关作品

书目信息

  • 表格格式
  • 工作单格式
  • 卡片格式
题名:
马克思主义哲学简要读本
    
 
作者: ;广东省高等院校《马克思主义哲学简要读本》编写组 编
分册:  
出版信息: 广州   广东人民出版社  1980
页数: 248页
开本: 19cm
丛书名:
单 册:
中图分类: B0
科图分类:
主题词: 哲学理论
电子资源:
ISBN:
000 00778nam0 2200229 45
001 0180005699
005 20060815103823.50
010    @dCNY0.68
091    @a7111.1019
100    @a19950626d1980 em y0chiy0121 ea
101 0  @achi
102    @aCN@b440000
105    @ay z 000yy
200 10 @a马克思主义哲学简要读本@Ama ke si zhu yi zhe xue jian yao du ben@f广东省高等院校《马克思主义哲学简要读本》编写组编@FGuang Dong Sheng Gao Deng Yuan Xiao《Ma Ke Si Zhu Yi Zhe Xue Jian Yao DuBen》Bian Xie Zu Bian
210    @a广州@c广东人民出版社@d1980
215    @a248页@d19cm
606 0  @a哲学理论
690    @aB0@v3
711 02 @a广东省高等院校《马克思主义哲学简要读本》编写组@4编
801  0 @aCN@b上海图书馆@c20060815
801  2 @aCN@bNLC@c20060728
905    @f1@b32427@dB0@e126
    
    马克思主义哲学简要读本/广东省高等院校《马克思主义哲学简要读本》编写组编.-广州:广东人民出版社,1980
    248页;19cm
    
    
    ISBN :CNY0.68
    
●
相关链接 在E读中查询图书 在五车中查询图书 在当当中查询图书 在豆瓣中查询图书


正题名:马克思主义哲学简要读本     索取号:B0/126         预约/预借

序号 登录号 条形码 馆藏地/架位号 状态 备注
1 0032427   002048322   第一样本阅览室/ [索取号:B0/126] 在馆    
2 0440407   204404073   密集书库/ [索取号:B0/126] 在馆    
3 0460207   204602073   密集书库/ [索取号:B0/126] 在馆    
唐山师范学院图书馆 欢迎您!
大连网信软件有限公司© 版权所有